000 00435ntaaa2200169 4500
003 01
005 20251027201559.0
008 0714s1973 ag 01
040 _aAR-BaBN
_bspa
_cAR-BaBN
_eaacr
_dRIC
082 _a230.0000 M11
100 _aMachen, J. Gresham
_913522
245 _aChristian View of Man
250 _a1 ed. :
_bWm. B. Eerdmans Publishing Co.,
_cc1937, 1947
300 _avi, 302 p.
650 _aTeologĂ­a
942 _cBK
999 _c10419
_d10419